| 000 | 00337pam a2200133a 44500 | ||
|---|---|---|---|
| 008 | 230405s1987 xxu||||| |||| 00| 0 eng d | ||
| 041 | _aENG | ||
| 100 | _aHerbert Taub | ||
| 245 | _aDigital Integrated Electronics | ||
| 260 |
_a _bMcgraw Hill Book company _c1987 |
||
| 300 | _a200p. | ||
| 690 | _aSR.COLLEGE REGULAR GRANT | ||
| 906 | _a49 | ||
| 999 |
_c291392 _d291392 |
||